000 00512nam a22001697a 4500
005 20251108170941.0
008 250721s1986 xx 000 0 ara d
082 1 4 _a649.1/رفع
100 1 _aرفعت، محمد
245 1 0 _aتربية الطفل صحيا و نفسيا من الولادة حتى العاشرة /
264 1 _aبيروت :
_bدار البحار،
_c1986.
300 _a360ص.
650 1 7 _aالأطفال
650 1 7 _aالرعاية الصحية
942 _2ddc
_cBK
999 _c52884
_d52884